000
00299nam a2200121Ia 4500
008
190216s9999||||xx |||||||||||||| ||und||
100
_a
Khamarunnisa Anwar
245
0
_a
Malayalam-General-Malabarile Vishishta Vibhavangal
260
_b
Lipi Pub
300
_a
96
650
_a
Malayalam
942
_c
BK
999
_c
29034
_d
29034